<?xml version="1.0" encoding="UTF-8"?><?xml-stylesheet type="text/xsl" href="static/style.xsl"?><OAI-PMH xmlns="http://www.openarchives.org/OAI/2.0/" xmlns:xsi="http://www.w3.org/2001/XMLSchema-instance" xsi:schemaLocation="http://www.openarchives.org/OAI/2.0/ http://www.openarchives.org/OAI/2.0/OAI-PMH.xsd"><responseDate>2026-04-28T01:17:33Z</responseDate><request verb="GetRecord" identifier="oai:uvadoc.uva.es:10324/77162" metadataPrefix="marc">https://uvadoc.uva.es/oai/request</request><GetRecord><record><header><identifier>oai:uvadoc.uva.es:10324/77162</identifier><datestamp>2025-08-26T19:05:08Z</datestamp><setSpec>com_10324_38</setSpec><setSpec>col_10324_852</setSpec></header><metadata><record xmlns="http://www.loc.gov/MARC21/slim" xmlns:doc="http://www.lyncode.com/xoai" xmlns:xsi="http://www.w3.org/2001/XMLSchema-instance" xmlns:dcterms="http://purl.org/dc/terms/" xsi:schemaLocation="http://www.loc.gov/MARC21/slim http://www.loc.gov/standards/marcxml/schema/MARC21slim.xsd">
<leader>00925njm 22002777a 4500</leader>
<datafield tag="042" ind1=" " ind2=" ">
<subfield code="a">dc</subfield>
</datafield>
<datafield tag="720" ind1=" " ind2=" ">
<subfield code="a">Rodríguez Gil, Andrés</subfield>
<subfield code="e">author</subfield>
</datafield>
<datafield tag="260" ind1=" " ind2=" ">
<subfield code="c">2025</subfield>
</datafield>
<datafield tag="520" ind1=" " ind2=" ">
<subfield code="a">Se proyecta una plantación de almendro de 5,8 ha en sistema superintensivo en regadío en Villasexmir (Valladolid), con el fin de diversificar la producción&#xd;
en una explotación de tradición cerealista. El diseño contempla variedades de floración extra tardía para reducir el riesgo por heladas, dispuestas en seto&#xd;
para facilitar la mecanización. Se instalará un sistema de riego localizado que mejora la eficiencia hídrica y permite la fertirrigación, ajustando el aporte de&#xd;
nutrientes según las necesidades del cultivo. El proyecto incluye además la construcción de una caseta equipada con el cabezal de riego, depósitos y&#xd;
equipos necesarios.&#xd;
En el proyecto también se construirá una caseta de riego, equipada con el cabezal de riego, depósitos para la fertirrigación y los demás equipos para el&#xd;
correcto funcionamiento del sistema de riego</subfield>
</datafield>
<datafield tag="024" ind2=" " ind1="8">
<subfield code="a">https://uvadoc.uva.es/handle/10324/77162</subfield>
</datafield>
<datafield tag="245" ind1="0" ind2="0">
<subfield code="a">Proyecto de plantación de 5,80 ha de almendro en superintensivo en regadío en el término municipal de Villasexmir (Valladolid)</subfield>
</datafield>
</record></metadata></record></GetRecord></OAI-PMH>